Sant Maurici, Els Encantats, Peguera, Bassiero, Les Crabes, Subenulls, Mainera (Record no. 177804)
[ view plain ]
| 000 -LEADER | |
|---|---|
| campo de control de longitud fija | 00620nam a2200157 i 4500 |
| 001 - NÚMERO DE CONTROL | |
| campo de control | 177804 |
| 003 - IDENTIFICADOR DE NÚMERO DE CONTROL | |
| campo de control | ES-MaACL |
| 005 - FECHA Y HORA DE LA ÚLTIMA TRANSACCIÓN | |
| campo de control | 20230906220422.0 |
| 008 - DATOS DE LONGITUD FIJA--INFORMACIÓN GENERAL | |
| campo de control de longitud fija | 110427s1966 sp |||| | spa d |
| 100 1# - ENTRADA PRINCIPAL--NOMBRE DE PERSONA | |
| Nombre de persona | Llopis Lladó, Noel. |
| 9 (RLIN) | 72839 |
| 245 10 - MENCIÓN DEL TÍTULO | |
| Título | Sant Maurici, Els Encantats, Peguera, Bassiero, Les Crabes, Subenulls, Mainera |
| Resto del título | : guía cartográfica, excursiones y escaladas / |
| Mención de responsabilidad, etc. | por N. Llopis Lladó ; aportaciones complementarias de R. Vila Blanch. |
| 260 ## - PUBLICACIÓN, DISTRIBUCIÓN, ETC. | |
| Lugar de publicación, distribución, etc. | Granollers : |
| Nombre del editor, distribuidor, etc. | Alpina, |
| Fecha de publicación, distribución, etc. | [1966] |
| 300 ## - DESCRIPCIÓN FÍSICA | |
| Extensión | 29 p., 1 map. pleg. ; |
| Dimensiones | 16 cm. |
| 700 0# - ENTRADA AGREGADA--NOMBRE PERSONAL | |
| Nombre de persona | Vila Blanch, Rosendo. |
| 9 (RLIN) | 114713 |
| 852 ## - LOCALIZACIÓN | |
| Ubicación | ES-MaACL |
| Número de control de estantería | 2051-F-23 |
| Estatus retirado | Estado de pérdida | Estado de daño | No para préstamo | Colección | Biblioteca de origen | Biblioteca actual | Ubicación en estantería | Fecha de adquisición | Total de préstamos | Signatura topográfica completa | Código de barras | Visto por última vez | Precio de reemplazo | Tipo de ítem Koha |
|---|---|---|---|---|---|---|---|---|---|---|---|---|---|---|
| Colección de folletos | Biblioteca del Ateneo de Madrid | Biblioteca del Ateneo de Madrid | Depósito folletos | 27/04/2011 | 2051-F-23 | 1186788 | 23/02/2023 | 23/02/2023 | Folleto |
